000 00834nam a2200253Ia 4500
003 OSt
005 20221005104635.0
006 a|||||r|||| 00| 0
007 ta
008 221004b |||||||| |||| 00| 0 hin d
020 _a9788181439444 (PBK)
_c100
024 _a104403
037 _b371, 17/02/2011, Vani Prakashan
_cTextual
040 _aCRL
_cCRL
_bhin
041 _2hin
_ahin
082 _aO168,1N52x, 152P9
100 _aराना, मुनव्वर
245 0 _aसब उसके लिए
246 _aSab usake lie
260 _aदिल्ली
_bवाणी प्रकाशन भारत
_c2009
300 _a88पृ0
_ccm.
942 _hO168,1N52x, 152P9
_cTEXL
_2cc
999 _c1013335
_d1013335